000 00441nam a2200157Ia 4500
008 240729s9999 xx 000 0 und d
022 _a1077-5315
245 0 _aJournal of Extension
260 _aUnited States
260 _bClemson University Press
650 _a Special aspects of education
650 _aAgriculture | Education
856 _uhttps://doaj.org/toc/8e5d16b707304f4c89a11f9130c4c4f3
942 _2ddc
942 _cDOAJEJ
999 _c72271
_d72271
945 _a1
_bMadushi Gamage
_c1
_dMadushi Gamage